Wielka encyklopedia powszechna PWN
Enregistré dans:
| Format: | Livre |
|---|---|
| Langue: | polonais |
| Publié: |
Warszawa
Panstwowe Wydawnictwo Naukowe
1966
|
| Tags: |
Pas de tags, Soyez le premier à ajouter un tag!
|
MARC
| LEADER | 00000nam a2200000 4500 | ||
|---|---|---|---|
| 001 | c122696 | ||
| 005 | 20221207075152.0 | ||
| 041 | 0 | |a pol | |
| 044 | |a PL | ||
| 245 | 1 | 0 | |a Wielka encyklopedia powszechna PWN |
| 264 | 1 | |a Warszawa |b Panstwowe Wydawnictwo Naukowe |c 1966 | |
| 300 | |a 837 s. | ||